|
|
|
|
| LEADER |
00931nam a22002531a 4500 |
| 001 |
000038125 |
| 003 |
14420 |
| 005 |
20220909103402.0 |
| 008 |
160412s2006 000 |
| 082 |
|
|
|a 428
|b QU-M
|
| 100 |
|
|
|a Quang Minh
|
| 245 |
|
0 |
|a trang bị kiến thức và kỹ năng tiếng anh trước khi xin việc làm /
|c Quang Minh.
|
| 260 |
|
|
|c 2006
|a HN. :
|b NXB HN.
|
| 300 |
|
|
|a 166tr. : ;
|c 24cm.
|
| 653 |
|
|
|a kỹ năng tiếng anh
|a trang bị kiến thức
|a tiếng anh khi xin việc làm
|
| OWN |
|
|
|a LNN
|
| AVA |
|
|
|a UDN50
|b LNN
|c English
|d 428QU-M
|e available
|t Error 5001 Not defined in file expand_doc_bib_avail.
|f 2
|g 0
|h N
|i 0
|j AN
|
| 999 |
|
|
|a From the UDN01
|
| AVA |
|
|
|a UDN50
|b LNN
|c English
|d 428QU-M
|e available
|t Error 5001 Not defined in file expand_doc_bib_avail.
|f 2
|g 0
|h N
|i 0
|j AN
|
| TYP |
|
|
|a Monograph
|
| 980 |
|
|
|a Mạng thư viện Đại học Đà Nẵng
|